| 000 | 00991nas a2200313 4500 | ||
|---|---|---|---|
| 001 | BR8303710 | ||
| 003 | BR-BrBNA | ||
| 005 | 20231205085622.0 | ||
| 007 | ta | ||
| 008 | 230509b bl.|||p| |||| 00| 00por d | ||
| 040 |
_aBR-BrBNA _bpor _cBiblioteca Nacional de Agricultura |
||
| 041 | _a(Pt) | ||
| 072 | _aK50; F40 | ||
| 100 | 1 | _aFerreira, M.C. | |
| 100 | 1 | _aSaraiva Filho, J. da C. | |
| 100 | 1 | _aFernandes, P. de S. | |
| 111 | 1 |
_a4. Congresso Florestal Brasileiro _cBelo Horizonte, MG (Brazil) _d10-15 May 1982 |
|
| 245 | 1 | _aVariacao na umidade da madeira de eucalipto, estocada em patios industriais [Eucalyptus saligna] | |
| 650 | _aEUCALIPTO | ||
| 650 | _aVARIEDADE | ||
| 650 | _aMADEIRA ROLICA | ||
| 650 | _aCONDICAO AMBIENTAL | ||
| 650 | _aUMIDADE | ||
| 650 | _aESTOCAGEM | ||
| 650 | _aSECAGEM | ||
| 773 | 0 |
_tSilvicultura (Brazil) _xISSN 0100-3615 _g(Jan-Feb 1983), v. 8(28) p. 779-781 _wBR8303710 |
|
| 909 |
_a202311 _bLúcia _c55 _dLúcia Elande |
||
| 942 |
_2AGRIS _n0 _cANA |
||
| 999 |
_c112582 _d112582 |
||